Talking Heads Song Quiz - Statistics

General Stats
  • This quiz has been taken 259 times
  • The average score is 30 of 89
Answer Stats
Answer % Correct
Psycho Killer
92%
Once in a Lifetime
80%
Burning Down the House
76%
This Must Be the Place (Naive Melody)
70%
And She Was
66%
Life During Wartime
64%
Road to Nowhere
63%
Girlfriend Is Better
60%
Love → Building on Fire
60%
I Zimbra
59%
Take Me to the River
58%
Crosseyed and Painless
56%
Born Under Punches (The Heat Goes On)
54%
Heaven
51%
The Great Curve
51%
Slippery People
50%
Wild Wild Life
47%
Cities
46%
Making Flippy Floppy
46%
Swamp
45%
Don't Worry About the Government
42%
Drugs
42%
Houses in Motion
42%
Moon Rocks
42%
Found a Job
40%
(Nothing But) Flowers
40%
Radio Head
40%
Uh-Oh, Love Comes to Town
40%
Listening Wind
39%
Paper
39%
Air
38%
Pulled Up
38%
Electric Guitar
37%
Animals
36%
Mind
36%
Seen and Not Seen
36%
The Overload
36%
I Get Wild/Wild Gravity
33%
Pull Up the Roots
33%
Thank You for Sending Me an Angel
33%
The Book I Read
33%
Blind
32%
The Big Country
30%
Papa Legba
29%
Stay Up Late
29%
Sugar on My Tongue
29%
Artists Only
28%
Memories Can't Wait
27%
Mr. Jones
27%
New Feeling
26%
Who Is It?
26%
The Lady Don't Mind
25%
Warning Sign
25%
City of Dreams
24%
Creatures of Love
24%
Love for Sale
24%
The Girls Want to Be with the Girls
24%
Happy Day
23%
Puzzlin' Evidence
23%
Television Man
23%
Dream Operator
22%
Sax and Violins
22%
Totally Nude
22%
First Week/Last Week… Carefree
21%
Hey Now
21%
People Like Us
21%
Perfect World
21%
Tentative Decisions
21%
The Good Thing
21%
No Compassion
20%
With Our Love
18%
I'm Not in Love
17%
Stay Hungry
17%
Two Note Swivel
17%
I Wish You Wouldn't Say That
16%
Ruby Dear
16%
Mommy Daddy You and I
15%
The Democratic Circus
15%
Walk It Down
15%
Cool Water
14%
The Facts of Life
14%
Dancing for Money
13%
Fela's Riff
12%
Give Me Back My Name
12%
Big Daddy
11%
I Feel It in My Heart
9%
Double Groove
8%
Right Start
6%
Unison
6%
No matching quizzes found
Score Distribution
Percent of People with Each Score
Percentile by Number Answered
Your Score History
You have not taken this quiz